Département des sciences administratives
সংরক্ষণ করুন:
| সংস্থা লেখক: | |
|---|---|
| বিন্যাস: | গ্রন্থ |
| ভাষা: | Undetermined |
| প্রকাশিত: |
Canada
Université du Québec
1999
|
| বিষয়গুলি: | |
| ট্যাগগুলো: |
ট্যাগ যুক্ত করুন
কোনো ট্যাগ নেই, প্রথমজন হিসাবে ট্যাগ করুন!
|
| Thư viện lưu trữ: | Trung tâm Học liệu Trường Đại học Cần Thơ |
|---|
| LEADER | 00582nam a2200193Ia 4500 | ||
|---|---|---|---|
| 001 | CTU_41474 | ||
| 008 | 210402s9999 xx 000 0 und d | ||
| 082 | |a 378 | ||
| 082 | |b U58 | ||
| 110 | |a Universitaire du Québec a Montreal | ||
| 245 | 0 | |a Département des sciences administratives | |
| 245 | 0 | |c Universitaire du Québec a Montreal | |
| 260 | |a Canada | ||
| 260 | |b Université du Québec | ||
| 260 | |c 1999 | ||
| 650 | |a Universities and colleges | ||
| 650 | |z Canada | ||
| 904 | |i Nguyễn Quang Điền | ||
| 980 | |a Trung tâm Học liệu Trường Đại học Cần Thơ | ||